Trh práce a význam aktívnej politiky trhu práce pre znižovanie nezamestnanosti

Identifikácia situácie, špecifických procesov a faktorov vplyvu v oblasti trhu práce s akcentom na nezamestnanosť a v nadväznosti na predchádzajúce naznačiť postavenie a možnosti aktívnej politiky trhu práce pri riešení nezamestnanosti.

Gespeichert in:
Bibliographische Detailangaben
1. Verfasser: Rievajová, Eva
Weitere Verfasser: Klimko, Roman, 1985-
Format: Buchkapitel
Sprache:Slowakisch
Schlagworte:
Tags: Tag hinzufügen
Keine Tags, Fügen Sie das erste Tag hinzu!

MARC

LEADER 00000nla a2200000 4500
001 0211244
005 20240502073524.6
041 0 |a slo 
044 |a SK 
245 1 0 |a Trh práce a význam aktívnej politiky trhu práce pre znižovanie nezamestnanosti  |c Eva Rievajová, Roman Klimko 
520 |a Identifikácia situácie, špecifických procesov a faktorov vplyvu v oblasti trhu práce s akcentom na nezamestnanosť a v nadväznosti na predchádzajúce naznačiť postavenie a možnosti aktívnej politiky trhu práce pri riešení nezamestnanosti. 
610 2 0 |a politika zamestnanosti 
610 2 0 |a trh práce 
610 2 0 |a miera nezamestnanosti 
610 2 0 |a Slovensko 
100 1 |a Rievajová, Eva 
700 1 |a Klimko, Roman, 1985-